Manual de psicopatología y trastornos psiquiátricos

Saved in:
Bibliografiske detaljer
Main Authors: Caballo, Vicente E (Author), Buela-Casal, Gualberto (Author), Carrobles, José Antonio (Author)
Format: Bog
Sprog:spansk
Udgivet: Madrid Siglo Veintiuno 1995
Serier:Manuales Psicología
Fag:
Tags: Tilføj Tag
Ingen Tags, Vær først til at tagge denne postø!

MARC

LEADER 00000nam a2200000 a 4500
001 UCN7389
003 CL-VaPUC
008 011018e19950900SP |||||||||||||||||spa|d
082 0 4 |a 616.89  |b CAB  |2 21 
100 0 |a Caballo, Vicente E  |e author  |9 463366 
700 0 |a Buela-Casal, Gualberto  |e author  |9 463367 
700 |a Carrobles, José Antonio  |e author  |9 463368 
245 1 0 |a Manual de psicopatología y trastornos psiquiátricos 
300 |a 2 v 
942 |c BK 
945 |d 20011018 00:00:00  |a cmena 
260 |a Madrid  |b Siglo Veintiuno  |c 1995 
500 |a v.1: Fundamentos conceptuales; trastornos por ansiedad, afectivos y psicóticos 
500 |a v.2: Trastornos de la personalidad, medicina conductual y problemas de relación 
650 0 |a Psicopatología   |9 307473 
650 7 |a TRASTORNOS PSICOLOGICOS  |2 CL-VaPUC  |9 459171 
650 0 |a Ansiedad  |9 307519 
650 0 |a Trastornos de la personalidad   |9 307698 
650 7 |a PSICOTERAPIA  |2 CL-VaPUC  |9 463369 
583 |a last modification  |c 20011018 00:00:00  |k Rodrigo Vera 
490 0 |a Manuales Psicología 
999 |c 297754  |d 297752 
952 |0 0  |1 0  |4 0  |6 616_890000000000000_CAB_1995  |7 0  |8 A  |9 352720  |a BIBEDU  |b BIBEDU  |c ES_NOD  |d 2019-11-21  |h v.1  |i 3756858  |o 616.89 CAB 1995  |p 3756858  |r 2023-08-09  |w 2019-11-21  |y BK  |k PSI 
952 |0 0  |1 0  |4 0  |6 616_890000000000000_CAB_1995  |7 0  |8 A  |9 352721  |a BIBEDU  |b BIBEDU  |c ES_NOD  |d 2019-11-21  |h v.2  |i 3756866  |o 616.89 CAB 1995  |p 3756866  |r 2023-08-09  |w 2019-11-21  |y BK  |k PSI